| Tag |
First Indicator |
Second Indicator |
Subfields |
| LEADER |
00000cam a22000008a 4500 |
| 001 |
in00000018188 |
| 005 |
20151007053157.0 |
| 008 |
870202s1987 nyua b 00010 eng |
| 010 |
|
|
|a 87000973
|
| 020 |
|
|
|a 0810907208
|
| 020 |
|
|
|a 0810923602 (pbk.)
|
| 035 |
|
|
|a (OCoLC)15197320
|
| 035 |
|
|
|9 AAB0675AM
|
| 040 |
|
|
|a DLC
|c DLC
|d m/c
|d TXA
|d UtOrBLW
|
| 043 |
|
|
|a n-us---
|
| 049 |
|
|
|a TXAM
|c [A11044030]
|
| 050 |
0 |
0 |
|a N6537.B16
|b S7 1987
|
| 082 |
0 |
|
|a 759.13
|2 19
|
| 100 |
1 |
|
|a Strand, Mark,
|d 1934-2014.
|
| 245 |
1 |
0 |
|a William Bailey /
|c by Mark Strand.
|
| 263 |
|
|
|a 8710
|
| 264 |
|
1 |
|a New York :
|b Abrams,
|c 1987.
|
| 300 |
|
|
|a 80 pages :
|b illustrations (some color)
|
| 336 |
|
|
|a text
|b txt
|2 rdacontent
|
| 337 |
|
|
|a unmediated
|b n
|2 rdamedia
|
| 338 |
|
|
|a volume
|b nc
|2 rdacarrier
|
| 504 |
|
|
|a Bibliography: pages 76-79.
|
| 600 |
1 |
0 |
|a Bailey, William,
|d 1930-
|x Appreciation.
|
| 650 |
|
0 |
|a Realism in art
|z United States.
|
| 700 |
1 |
|
|a Bailey, William,
|d 1930-
|
| 999 |
|
|
|a MARS
|
| 999 |
f |
f |
|s 3ca9746f-dbf3-3a20-9050-dacd51ca0f46
|i 0dc77047-61df-3512-a775-7f89ef90c4ef
|t 0
|
| 952 |
f |
f |
|p normal
|a Texas A&M University
|b College Station
|c Sterling C. Evans Library
|d Evans: Library Stacks
|t 0
|e N6537.B16 S7 1987
|h Library of Congress classification
|i unmediated -- volume
|m A14811044030
|
| 998 |
f |
f |
|a N6537.B16 S7 1987
|t 0
|l Evans: Library Stacks
|